| 000 | 01861nam a2200361 c 4500 | ||
|---|---|---|---|
| 001 | 59792 | ||
| 003 | CO-BoRNBP | ||
| 005 | 20251106154439.0 | ||
| 007 | ta | ||
| 008 | 231017t2022 ck a|||ar6||| 00| 1 spa d | ||
| 020 | _a9789585300590 | ||
| 040 |
_aCO-BoRNBP _bspa _erda _cCO-BoRNBP |
||
| 041 | 0 | _aspa | |
| 043 | _as-ve--- | ||
| 084 | _aA | ||
| 100 |
_aCottin, Menena _d1950- _eaut _962024 |
||
| 245 | 1 | 0 |
_aTengo hambre / _cMenena Cottin ; dirección editorial de María Fernanda Paz-Castillo. |
| 250 | _aPrimera edición | ||
| 264 | 1 |
_a[Lugar de publicación no identificado] : _b[Publicador no identificado], _c2023 |
|
| 264 | 1 |
_aBogotá, Colombia : _bCataplum libros, _c2023 |
|
| 300 |
_a[36] páginas sin numerar : _bilustraciones a color |
||
| 336 |
_atexto _btxt _2rdacontent |
||
| 337 |
_asin mediación _bn _2rdamedia |
||
| 338 |
_avolumen _bnc _2rdacarrier |
||
| 520 | 3 | _aTengo hambre es un libro conceptual e informativo para niños pequeños. A través del uso de colores planos, de elementos gráficos y de diseño, Menena Cottin, autora de este libro, nos acerca una verdadera experiencia estética y de aprendizaje. Un libro donde los niños podrán visualizar parte de la cadena alimenticia; podrán comenzar a entender cómo funciona la naturaleza allí donde se encuentran los animales sin que medie el hombre. Estamos frente a un libro poco común y muy necesario: ¡un libro que reúne diversión e información!. (Apartes del texto) | |
| 521 | _aRecomendado para un público infantil mayor de 3 años | ||
| 650 | 0 | 4 |
_aÁlbumes infantiles venezolanos _ySiglo XXI _2LEMB _966640 |
| 650 | 0 | 7 |
_aFermentación en la literatura _2lemb _966641 |
| 650 | 0 | 7 |
_aLibros ilustrados para niños _2LEMB _92001 |
| 650 | 0 | 4 |
_aLiteratura infantil venezolana _ySiglo XXI _2LEMB |
| 700 |
_aPaz Castillo, María Fernanda, _d1971- _eedt |
||
| 942 |
_2loc _cBKLITI |
||
| 999 |
_c59792 _d59792 |
||